Central Library OPAC University of Rajshahi

Classical and modern physics : (Record no. 60321)

MARC details
000 -LEADER
fixed length control field 00796nam a2200253 a 4500
001 - CONTROL NUMBER
control field 60321
003 - CONTROL NUMBER IDENTIFIER
rucl marc code BD-RjUL
005 - DATE AND TIME OF LATEST TRANSACTION
control field 20211209080827.0
008 - FIXED-LENGTH DATA ELEMENTS--GENERAL INFORMATION
fixed length control field 161229m19721974maua 001 0 eng
020 ## - INTERNATIONAL STANDARD BOOK NUMBER
International Standard Book Number 0536007233 (v. 1)
035 ## - SYSTEM CONTROL NUMBER
System control number (BD-RjUL)60445
040 ## - CATALOGING SOURCE
Original cataloging agency DLC
Transcribing agency DLC
Modifying agency BD-RjUL
Language of cataloging eng
041 ## - LANGUAGE CODE
Language code of text/sound track or separate title eng
082 00 - DEWEY DECIMAL CLASSIFICATION NUMBER
Classification number 539
Edition number 23
Author mark and year FOC 1973
100 1# - MAIN ENTRY--PERSONAL NAME
Personal name Ford, Kenneth William,
Dates associated with a name 1926-
9 (RLIN) 179506
245 10 - TITLE STATEMENT
Title Classical and modern physics :
Remainder of title a textbook for students of science and engineering /
Statement of responsibility, etc. [by] Kenneth W. Ford.
260 ## - PUBLICATION, DISTRIBUTION, ETC. (IMPRINT)
Place of publication, distribution, etc. Lexington, Mass. :
Name of publisher, distributor, etc. Xerox College Pub.,
Date of publication, distribution, etc. [1972-74]
300 ## - PHYSICAL DESCRIPTION
Pagination 3 v. :
Illustrations ill. ;
Size 26 cm.
504 ## - BIBLIOGRAPHY, ETC. NOTE
Bibliography, etc Includes bibliographical references.
505 0# - FORMATTED CONTENTS NOTE
Formatted contents note vol 1&2 --
650 #0 - SUBJECT ADDED ENTRY--TOPICAL TERM
Topical term or geographic name as entry element Physics, Modern
9 (RLIN) 179507
942 ## - ADDED ENTRY ELEMENTS (KOHA)
Source of classification or shelving scheme Dewey Decimal Classification
Koha item type Books
Holdings
Lost status Source of classification or shelving scheme Damaged status Not for loan Collection code Permanent Location Current Location Shelving location Date acquired Total Checkouts Full call number Date last seen Copy number Koha item type
  Dewey Decimal Classification   Not For Loan Non-fiction Central Library, University of Rajshahi Central Library, University of Rajshahi Reading Room 11/08/1985   539 FOC V-1&2 1973 29/12/2016 C-1 Books